Escenari secret : Martorell 03/11/2023 Martorell 03/11/2023
Descripción Física:
1 tríptic ; il. col. ; 10 x 21 cm
Materias:
Espectacles i passatemps -- Martorell (Catalunya)
; Teatre -- Martorell (Catalunya)
; Música -- Martorell (Catalunya)
; Dansa -- Martorell (Catalunya)
; Fulletons
Idioma:
Catalán
MARC
| LEADER | 00000nam a22000007a 4500 | ||
|---|---|---|---|
| 001 | 28496 | ||
| 003 | AGDB | ||
| 005 | 20260324181524.0 | ||
| 008 | 230509b spa||||| |||| 00| 0 cat d | ||
| 017 | |a B 15165-2023 | ||
| 040 | |a agdb |b cat | ||
| 245 | |a Escenari secret : |b Martorell 03/11/2023 | ||
| 260 | |a Barcelona : |b Diputació de Barcelona ; |c 2023 | ||
| 300 | |a 1 tríptic ; |b il. col. ; |c 10 x 21 cm | ||
| 650 | 0 | |2 Arxiu |a Espectacles i passatemps |z Martorell (Catalunya) | |
| 650 | 0 | |2 Arxiu |a Teatre |z Martorell (Catalunya) | |
| 650 | 0 | |2 Arxiu |a Música |z Martorell (Catalunya) | |
| 650 | 0 | |a Dansa |2 Arxiu |z Martorell (Catalunya) |9 42791 | |
| 655 | 0 | |a Fulletons |9 55858 | |
| 710 | 1 | |9 52669 |a Barcelona (Catalunya : Província). |b Oficina de Difusió Artística | |
| 710 | |a Martorell (Catalunya). |b Ajuntament |9 55027 | ||
| 942 | |c ARXIU |n 1 |2 udc | ||
| 952 | |0 0 |1 0 |4 0 |6 FU7730 |7 1 |9 96964 |a Arxiu |b Arxiu |d 2024-04-18 |l 0 |o FU-77-30 |p 28496 |r 2024-04-18 00:00:00 |w 2024-04-18 |y ARXIU | ||
| 999 | |c 128811 |d 128811 | ||